| 000 | 02363nam0a22003971 4500 | ||
|---|---|---|---|
| 001 | v19\rc\2104352 | ||
| 005 | 20250620050803.0 | ||
| 035 | _a(NLR Aleph) 005184785 | ||
| 090 |
_a5156686 _c5156686 |
||
| 100 | _a20090914d1813 |||y0rusy50 ca | ||
| 101 | 0 | _arus | |
| 102 | _aRU | ||
| 105 | _ay z |||a| | ||
| 135 | _acogo 008apabr | ||
| 200 | 1 | _aПеснь российских воинов | |
| 210 |
_aМосква _cв Губернской типографии у А. Решетникова _d1813 |
||
| 215 |
_a[4] с. _d4° (27 см) |
||
| 300 | _aВ конце текста авт.: Николай Иванчин-Писарев | ||
| 309 | _aБез тит. л. Вых. дан. на с. [4] | ||
| 321 | 1 | _aСК 1801-1825 2995 | |
| 325 | _aКопия доступна в Электрон. б-ке РНБ | ||
| 327 | 1 |
_aСодерж. также стихотворения: На истребление Наполеоновых армий _aК портрету светлейшаго князя М.Л. Голенищева-Кутузова-Смоленскаго _aСветлейшему князю М.Л.Г[оленищеву].-К[утузову] |
|
| 464 | 0 |
_12001#$aНа истребление Наполеоновых армий$aК портрету светлейшаго князя М.Л. Голенищева-Кутузова-Смоленскаго$aСветлейшему князю М.Л.Г[оленищеву].-К[утузову] -C[моленско]му _1702#1$3RU\NLR\AUTH\7712616$7ca$aКутузов$bМ. И.$f1745-1813$gМихаил Илларионович _1790#1$4280 _tСветлейшему князю М.Л.Г[оленищеву].-К[утузову] -C[моленско]му |
|
| 700 | 1 |
_9z02790 _aИванчин-Писарев _bН.Д. _f1795-1849 _gНиколай Дмитриевич |
|
| 790 | 1 |
_9z02700 _aПисарев _bН.Д. _f1795-1849 _gНиколай Дмитриевич |
|
| 801 | 0 |
_aRU _bNLR _gpsbo |
|
| 801 | 1 |
_aRU _bProSoft-M _2rusmarc |
|
| 801 | 2 |
_aRU _bNLR _c20150916 _2rusmarc |
|
| 852 |
_aNLR _j18.153.2.59 |
||
| 942 | _cBOOK | ||
| 980 | _aNB | ||
| 981 | 3 | 6 | _a(36) Цифровой репозиторий РНБ |
| 981 | 2 | 0 |
_a(20) Книжные памятники РНБ _b(20) Русский книжный фонд |
| 981 | 2 | 9 | _a(29) Редкая книга |